000 01152nam a2200337Ia 4500
001 dia_5772
003 CHAP
005 20240409124452.0
007 ta
008 220117s2009 mx ado f 001 0 spa d
040 _amxchpua
_cCHAP
090 _aT.C.569
_bV55 SAI
_c2009
245 1 0 _aProducción de hortalizas /
_ccoordinador Clemente Villanueva Verduzco
260 _aMéxico :
_bEl autor,
_c2009
300 _aca. 100 hojas :
_bilustraciones, tablas, gráficas, fotos
336 _2rdacontent
_atexto
_btxt
337 _2rdamedia
_ano mediado
_bn
338 _2rdacarrier
_avolumen
_bnc
500 _aGrado: 6° año Grupo: 02
502 _aViaje de estudio
_b(SAI) --
_cUACh. Departamento de Ingeniería Agroindustrial,
_d2009
650 1 3 _aVerduras
_9150530
650 1 3 _aVegetables
_9151359
700 1 _aVillanueva Verduzco, Clemente
_9119524
_ecoordinador
856 4 2 _uhttp://10.13.5.2/ve/TC569SAI/TC569SAI2009-REPORTE.pdf
_yDESCARGAR REPORTE
901 _aT.C.569 V55 SAI 2009
902 _aM
905 _a5132272009 mx aml 8223123322spa16
942 _2local
942 _cVE
999 _c176783
_d176783